|
|
|
|
| LEADER |
00000nas a2200000 a 4500 |
| 001 |
ssj0000465201 |
| 003 |
WaSeSS |
| 005 |
20200512172242.0 |
| 006 |
m d |
| 007 |
cr n |
| 008 |
080227d19931994sp fr p s 0 0spa c |
| 010 |
|
|
|a 2008262234
|
| 022 |
|
|
|y 1133-3219
|
| 035 |
|
|
|a (WaSeSS)ssj0000465201
|
| 040 |
|
|
|a CGU
|b eng
|c CGU
|d CGU
|d IXA
|d OCLCQ
|d OCLCF
|d OCLCO
|d OCLCQ
|d OCLCA
|d WaSeSS
|
| 042 |
|
|
|a pcc
|
| 043 |
|
|
|a e-sp---
|a cl-----
|
| 130 |
0 |
|
|a Comunica (Huelva, Spain : Online)
|
| 245 |
1 |
0 |
|a Comunica
|h [electronic resource] /
|c Grupo Pedagógico Andaluz "Prensa y Educación."
|
| 246 |
1 |
|
|i Some online sources have issues listed under later title:
|a Comunicar
|
| 260 |
|
|
|a Huelva, España :
|b Grupo Pedagógico Andaluz "Prensa y Educación",
|c [1993-1994]
|
| 310 |
|
|
|a Semiannual
|
| 362 |
1 |
|
|a Began with: No. 1 (oct. 1993); ceased with: no. 2 (marzo 1994).
|
| 506 |
|
|
|a License restrictions may limit access.
|
| 555 |
|
|
|a No. 1 (1993)-no. 2 (1994), in v. called "Addenda" that also covers no. 3-no. 11 of succeeding title. 1 v.
|
| 588 |
|
|
|a Final issue consulted.
|
| 588 |
|
|
|a Description based on first issue; title from PDF running title (publisher's Web site, viewed on Feb. 26, 2008).
|
| 650 |
|
0 |
|a Audio-visual education
|z Spain
|v Periodicals.
|
| 650 |
|
0 |
|a Audio-visual education
|z Latin America
|v Periodicals.
|
| 650 |
|
0 |
|a Audio-visual education
|v Periodicals.
|
| 650 |
|
0 |
|a Mass media in education
|z Spain
|v Periodicals.
|
| 650 |
|
0 |
|a Mass media in education
|z Latin America
|v Periodicals.
|
| 650 |
|
0 |
|a Mass media in education
|v Periodicals.
|
| 650 |
|
0 |
|a Communication in education
|z Spain
|v Periodicals.
|
| 650 |
|
0 |
|a Communication in education
|z Latin America
|v Periodicals.
|
| 650 |
|
0 |
|a Communication in education
|v Periodicals.
|
| 650 |
|
7 |
|a Audio-visual education.
|2 fast
|0 (OCoLC)fst00821036
|
| 650 |
|
7 |
|a Communication in education.
|2 fast
|0 (OCoLC)fst00870133
|
| 650 |
|
7 |
|a Mass media in education.
|2 fast
|0 (OCoLC)fst01011397
|
| 651 |
|
7 |
|a Latin America.
|2 fast
|0 (OCoLC)fst01245945
|
| 651 |
|
7 |
|a Spain.
|2 fast
|0 (OCoLC)fst01204303
|
| 655 |
|
0 |
|a Electronic journals.
|
| 710 |
2 |
|
|a Grupo Pedagógico Andaluz "Prensa y Educación."
|
| 776 |
0 |
8 |
|i Print version:
|t Comunica (Huelva, Spain)
|w (DLC) 2001206537
|w (OCoLC)47889114
|
| 785 |
0 |
0 |
|t Comunicar (Huelva, Spain : Online)
|w (DLC) 2008262235
|w (OCoLC)212056424
|
| 856 |
4 |
0 |
|z Full text available from Research Library: 01/01/2010 to present
|u https://search.proquest.com/publication/396529
|